000 00429nam a2200181Ia 4500
001 23330
005 20260414150930.0
008 260414t2011||||xx |||||||||||||| ||spa||
041 _aESP
082 _a629.8
_bM86
100 _aMoro Vallina, Miguel
_eAUT
245 0 _aInstalaciones domóticas
_b
260 _c2011
300 _axiv, 191 páginas :
_c27 cm.
650 _aCNM
654 _aCCN
942 _cLIB
_dJUS
_fJUS
_2ddc
_n
999 _c23330
_d23330